| 000 | 00767nam a22002057a 4500 | ||
|---|---|---|---|
| 999 |
_c2607 _d2607 |
||
| 003 | AR-CdUCM | ||
| 008 | 190305b ||||| |||| 00| 0 spa d | ||
| 040 |
_aMUNICIPALIDAD PROVINCIAL DEL CUSCO _cBIBLIOTECA MUNICIPAL DEL CUSCO |
||
| 082 |
_a371.289 / _bV61 |
||
| 100 |
_aVía Ortega, Adrico _99188 |
||
| 245 | _aHacia una etnología aplicada a la educación / | ||
| 260 |
_aLima : _bTipografía SESATOR, _c1962 |
||
| 300 |
_a194 paginas ; _c20 cm. |
||
| 505 | _aContenido :Cuestiones previas --Estudio de un pueblo --Aspecto mágico-primera parte --Aspecto mágico-segunda parte --El problema pedagógico ... | ||
| 650 |
_aEducación _9460 |
||
| 650 |
_aEtnología. _91915 |
||
| 650 |
_aCrecimiento de enseñanza. _99189 |
||
| 942 |
_2ddc _cLIBROS |
||
| 945 | _arjall | ||